000 00298nam a22001337a 4500
008 181018b xxu||||| |||| 00| 0 eng d
020 _a0805396128
041 _aeng
080 _a573
100 _a11
101 _aBIO
245 _aMolecular Biology Of The Gene
_cWatson.H
942 _2udc
_cBK
999 _c50142
_d50142